000 00744nam a2200265Ia 4500
003 OSt
005 20221006150936.0
006 a|||||r|||| 00| 0
007 ta
008 221006b |||||||| |||| 00| 0 jpn d
020 _c¥2500
024 _a20,293
037 _bGift, Japan Foundation
_cTextual
040 _aEASL
_cEASL
_bjpn
041 _2jpn
_ajpn
082 _aX:322.4295.N8, M5
100 _aASADA Kyoji
_9657986
245 0 _aNihon teikoku shugi to kyu shoku minchi jinushisei
260 _aTokyo
_bOcha Nomizu Shobo Japan
_c1985
300 _a293p.
_ccm.
490 _v JL
650 _aJL
942 _hX:322.4295.N8, M5
_cTEXL
_2CC
999 _c1088379
_d1088379